Severin's veterinary ophthalmology notes /

Bibliographic Details
Main Author: Severin, Glenn A.
Format: Book
Language:English
Published: Fort Collins, Colo. : Veterinary Ophthalmology Notes, [1995]
Edition:Third edition.
Subjects:

MARC

Tag First Indicator Second Indicator Subfields
LEADER 00000cam a2200000Ia 4500
001 in00004534412
005 20150715093745.0
008 951011s1995 coua b 001 0 eng d
020 |a 0964614308 
020 |a 9780964614307 
035 |a (OCoLC)ocm33273728 
035 |a (OCoLC)33273728 
035 |z (UtOrBLW)71782 
035 |a 100088 
040 |a COF  |b eng  |c COF  |d CUX  |d BAKER  |d YDXCP  |d OCLCQ  |d OCLCF  |d OCLCQ  |d OCLCO  |d TMV  |d UtOrBLW 
049 |a TMVM  |c 1 
060 4 |a SF 891  |b S498v 1995 
100 1 |a Severin, Glenn A. 
245 1 0 |a Severin's veterinary ophthalmology notes /  |c Glenn A. Severin. 
246 3 0 |a Veterinary ophthalmology notes 
250 |a Third edition. 
264 1 |a Fort Collins, Colo. :  |b Veterinary Ophthalmology Notes,  |c [1995] 
264 4 |c ©1995 
300 |a x, 546 pages :  |b illustrations ;  |c 28 cm 
336 |a text  |b txt  |2 rdacontent 
337 |a unmediated  |b n  |2 rdamedia 
338 |a volume  |b nc  |2 rdacarrier 
504 |a Includes bibliographical references (pages 515-517) and index. 
505 0 |a Examination of the eye: Basic instrumentation and drugs -- History -- Light room examination -- Dark room examination -- Basic optics and refraction -- Ophthalmology -- Special examination -- Ocular therapeutics: Methods of medicating and eye -- Choosing route of administration -- Antibiotic agents -- Astringents, antiseptics and disinfectants -- Anti-inflammatory drugs -- Immunosuppressive agents -- Chemical restraint and anesthesia -- Parasympathomimetic drugs (MIOTICS) -- Mydriatics -- Beta adrenergic blocking drugs -- Pilocaprine-epinephrine combinations -- Carbonic anhydrase inhibitors -- Systemic osmotic agents -- Corneal dehydrating agents -- Chemical cauterizing agents -- Heat cauterization -- Hyperthermia -- Cryothermia -- Antineoplastic agents -- Antimetabolites for injection -- Immunostimulants -- Anticollagenase drugs -- Surgical enzymes -- Intraocular irrigating solutions -- Eye washes (collyria) -- Artificial tears (demulcents) -- Ocular lubricants -- 
505 0 |a Ophthalmic instruments and suture: Adequate set for most procedures -- Needle holders -- Scissors -- Forceps -- Eyelid specula and retractors -- Lacrimal cannulas -- Cutting instruments -- Miscellaneous -- Suture -- Principles of ocular surgery: Restraint, sedation and anesthesia -- Patient preparation -- Principles of surgery - globe -- Methods of protecting the globe -- Eyelids: Anatomy -- Functions -- Congenital conditions -- Acquired conditions -- Third eyelid: Anatomy and physiology -- Congenital diseases -- Acquired diseases -- Lacrimal apparatus: Anatomy and physiology -- Congenital diseases -- Acquired diseases -- Conjunctiva: Anatomy and physiology -- Congenital disease -- Acquired disease -- 
505 0 |a Sclera: Normal anatomy and physiology -- Congenital abnormalities -- Acquired diseases -- Cornea: Anatomy and physiology -- Corneal healing -- Characteristics of corneal disease -- Congenital diseases -- Acquired diseases -- Anterior chamber: Circulation of aqueous -- Depth -- Abnormal contents -- Anterior uvea: Anatomy and physiology -- Congenital defects -- Aquired diseases -- Lens: Embryology -- Anatomy -- Physiology -- Cataract -- Lens displacement -- Lens rupture -- Other congenital diseases -- Vitreous: Embryology -- Anatomy and physiology -- Congenital diseases -- Acquired diseases -- Retina and optic nerve: Anatomy and physiology of the retina -- Anatomy of the optic nerve -- Anatomy of the choroid -- Congenital diseases of the optic nerve -- Acquired diseases of the optic nerve -- Canine congenital and inherited diseases of the retina -- Feline congenital and inherited diseases of the retina -- Equine congenital and inherited diseases of the optic nerve and retina -- Bovine congenital and inherited diseases of the optic nerve and retina -- Acquired diseases of the retina/choroid -- Retinal detachment -- 
505 0 |a Glaucoma: Normal anatomy and physiology -- Effect of drugs on intraocular pressure -- Classification of glaucoma -- Canine glaucoma -- Feline glaucoma -- Equine glaucoma -- Orbit and globe: Anatomy of the orbit -- The prominent eye -- The deep set eye -- Globe proptosis -- Enucleation/exenteration -- 
650 0 |a Veterinary ophthalmology. 
650 2 |a Eye Diseases  |x veterinary. 
650 7 |a Veterinary ophthalmology.  |2 fast  |0 (OCoLC)fst01166044 
999 |a MARS 
999 f f |s 28912d00-71cc-3d99-a280-8335c1b77143  |i 0e4eade3-b5a6-3015-889b-c22cbecf1972  |t 0 
952 f f |p ric  |a Texas A&M University  |b Rellis Campus  |c Joint Library Facility  |d Remote Storage  |t 0  |e SF 891 S498v 1995  |h National Library of Medicine classification  |i unmediated -- volume  |m 3238902349516 
998 f f |a SF 891 S498v 1995  |t 0  |l Remote Storage